000 00854nam a2200229 i 4500
001 126460
003 ES-MaACL
005 20260219165329.0
007 t|
008 070214s1907 sp r ||||1| spa d
100 1 _aReparaz, Gonzalo de,
_d1860-1939
_9131716
245 1 0 _aPolítica de España en África /
_cGonzalo de Reparaz.
260 _aBarcelona :
_b[s. n.],
_c1907 (
_fImp. Barcelonesa)
300 _a467 p. ;
_c22 x 15 cm.
530 _aDisponible en formato digital.
651 7 _aEspaña-
_xColonias-
_zÁfrica
_2
_9172189
852 _aES-MaACL
_jC-1218
_cSPAL
856 4 _uhttp://bdh-rd.bne.es/viewer.vm?id=0000253666&page=1
_y(Biblioteca Digital Hispánica)
856 4 _uhttp://bibliotecavirtualdefensa.es/BVMDefensa/es/consulta/registro.do?id=46459
_y(Biblioteca Virtual de Defensa)
942 _2udc
999 _c126460
_d126460